[Event "GER-chT U20"]
[Site "Magdeburg"]
[Date "2023.12.30"]
[Round "7.8"]
[White "Lichtinger, Simon"]
[Black "Becker, Samuel"]
[Result "1-0"]
[WhiteElo "1709"]
[BlackElo "1338"]
[PlyCount "65"]
[EventDate "2023.12.26"]
[EventType "team-swiss"]
[EventRounds "7"]
[EventCountry "GER"]
[SourceTitle "CB03_2024"]
[SourceDate "2024.01.17"]
[SourceVersion "1"]
[SourceVersionDate "2024.01.17"]
[SourceQuality "1"]
[WhiteTeam "Ergolding"]
[BlackTeam "Essen Katernberg"]
[WhiteTeamCountry "GER"]
[BlackTeamCountry "GER"]

1. d4 d5 2. Nc3 Nf6 3. Bf4 c5 4. e3 cxd4 5. exd4 a6 6. Nf3 Nc6 7. Ne5 Bd7 8. Nxc6 Bxc6 9. Be2 e6 10. 0-0 Bb4 11. a3 Bxc3 12. bxc3 0-0 13. c4 dxc4 14. Bxc4 b5 15. Be2 Ne4 16. Qd3 Nf6 17. Qd2 Rc8 18. f3 Bd5 19. Bg5 Bc4 20. Bxc4 Rxc4 21. Rfd1 Qe7 22. c3 Rfc8 23. Rdc1 e5 24. Re1 Qd6 25. Rxe5 Nd7 26. Re7 f6 27. Rae1 fxg5 28. Qxg5 Qf6 29. Qd5+ Kf8 30. Qxd7 Qg6 31. R1e6 Qb1+ 32. Kf2 Qc2+ 33. Kg3 1-0

[Event "GER-chT U20"]
[Site "Magdeburg"]
[Date "2023.12.27"]
[Round "1.8"]
[White "Lichtinger, Simon"]
[Black "Dietz, Maximilian"]
[Result "1-0"]
[WhiteElo "1709"]
[BlackElo "1463"]
[PlyCount "53"]
[EventDate "2023.12.26"]
[EventType "team-swiss"]
[EventRounds "7"]
[EventCountry "GER"]
[SourceTitle "CB03_2024"]
[SourceDate "2024.01.17"]
[SourceVersion "1"]
[SourceVersionDate "2024.01.17"]
[SourceQuality "1"]
[WhiteTeam "Ergolding"]
[BlackTeam "Magdeburg USC"]
[WhiteTeamCountry "GER"]
[BlackTeamCountry "GER"]

1. d4 d5 2. Nc3 Nf6 3. Bf4 e6 4. e3 c5 5. g4 a6 6. Qf3 cxd4 7. exd4 Qb6 8. 0-0-0 Nc6 9. g5 Nd7 10. Nge2 g6 11. Bg2 Bg7 12. Qe3 Na7 13. Nxd5 Qa5 14. Nc7+ Ke7 15. Nxa8 Qxa2 16. Qc3 Qa4 17. Nb6 Nxb6 18. Qc5+ Ke8 19. Nc3 Qa1+ 20. Kd2 Qxb2 21. Rb1 Na4 22. Nxa4 Qxd4+ 23. Qxd4 Bxd4 24. Bxb7 Bxb7 25. Rxb7 Nc6 26. Rhb1 f5 27. Rc7 1-0

[Event "GER-chT U16"]
[Site "Darmstadt"]
[Date "2022.12.29"]
[Round "5"]
[White "Eichhorn, Valentin"]
[Black "Lichtinger, Simon"]
[Result "1/2-1/2"]
[WhiteElo "1566"]
[BlackElo "1517"]
[PlyCount "53"]
[EventDate "2022.12.26"]
[EventType "team-swiss"]
[EventRounds "7"]
[EventCountry "GER"]
[SourceTitle "CBM 212 Extra"]
[Source "ChessBase"]
[SourceDate "2023.03.31"]
[SourceVersion "1"]
[SourceVersionDate "2023.03.31"]
[SourceQuality "1"]
[WhiteTeam "Karlsruhe"]
[BlackTeam "Ergolding"]
[WhiteTeamCountry "GER"]
[BlackTeamCountry "GER"]

1. d4 Nf6 2. Bg5 Ne4 3. Bf4 d5 4. e3 c5 5. Bd3 Nf6 6. c3 Nc6 7. Nf3 Bg4 8. Nbd2 e6 9. Qc2 c4 10. Be2 Bf5 11. Qd1 Ne4 12. Bg3 Be7 13. Ne5 0-0 14. Nxc6 bxc6 15. Nxe4 Bxe4 16. f3 Bg6 17. Qa4 Qb6 18. b3 f6 19. 0-0 Bc2 20. Bd1 Bd3 21. Rf2 c5 22. Bc2 cxd4 23. exd4 Bxc2 24. Rxc2 cxb3 25. Qxb3 Rfc8 26. Rb1 Rc6 27. Rcb2 1/2-1/2

[Event "GER-chT U14"]
[Site "Willingen"]
[Date "2022.08.13"]
[Round "2.8"]
[White "Strauss, Florian"]
[Black "Lichtinger, Simon"]
[Result "0-1"]
[WhiteElo "1527"]
[BlackElo "1473"]
[PlyCount "34"]
[EventDate "2022.08.13"]
[EventType "team-swiss"]
[EventRounds "7"]
[EventCountry "GER"]
[SourceTitle "EXT 2023"]
[Source "ChessBase"]
[SourceDate "2022.10.05"]
[SourceVersion "1"]
[SourceVersionDate "2022.10.05"]
[SourceQuality "1"]
[WhiteTeam "Ingelheim"]
[BlackTeam "Ergolding FC"]
[WhiteTeamCountry "GER"]
[BlackTeamCountry "GER"]

1. e4 d6 2. d4 Nf6 3. Bd3 g6 4. Ne2 Bg7 5. Nbc3 0-0 6. Be3 Ng4 7. Bf4 e5 8. dxe5 dxe5 9. Bg3 Re8 10. h3 Nf6 11. 0-0 c6 12. Bc4 Qxd1 13. Raxd1 b5 14. Bb3 b4 15. Na4 Nxe4 16. f3 Ba6 17. Rfe1 Bxe2 0-1

[Event "GER-chT U14"]
[Site "Willingen"]
[Date "2021.06.26"]
[Round "5.9"]
[White "Lichtinger, Simon"]
[Black "Roemer, Alois"]
[Result "1/2-1/2"]
[WhiteElo "1401"]
[BlackElo "1498"]
[PlyCount "41"]
[EventDate "2021.06.23"]
[EventType "team-swiss"]
[EventRounds "7"]
[EventCountry "GER"]
[SourceTitle "EXT 2022"]
[Source "ChessBase"]
[SourceDate "2021.10.06"]
[SourceVersion "1"]
[SourceVersionDate "2021.10.06"]
[SourceQuality "1"]
[WhiteTeam "Ergolding FC"]
[BlackTeam "Brackel"]
[WhiteTeamCountry "GER"]
[BlackTeamCountry "GER"]

1. Nf3 d5 2. g3 Nf6 3. Bg2 c5 4. d3 e6 5. 0-0 Nc6 6. Nbd2 Be7 7. e4 0-0 8. a4 Qc7 9. c3 d4 10. Qc2 e5 11. Rd1 Be6 12. h3 Rfd8 13. Ng5 Qd7 14. Nxe6 Qxe6 15. Nc4 a6 16. Nb6 Nb4 17. cxb4 Qxb6 18. bxc5 Bxc5 19. f4 Rac8 20. Qe2 Bd6 21. fxe5 1/2-1/2